[Event "Aragon-chT Preferente Gr II"]
[Site "Aragon"]
[Date "2022.03.19"]
[Round "8.54"]
[White "Bello Cera, Raul"]
[Black "Vizcarra Susin, Sergio"]
[Result "0-1"]
[WhiteElo "1641"]
[BlackElo "1353"]
[PlyCount "44"]
[EventDate "2022.01.29"]
[EventType "team-tourn"]
[EventRounds "9"]
[EventCountry "ESP"]
[SourceTitle "EXT 2024"]
[Source "ChessBase"]
[SourceDate "2023.10.10"]
[SourceVersion "1"]
[SourceVersionDate "2023.10.10"]
[SourceQuality "1"]
[WhiteTeam "Casablanca MyInvestor III"]
[BlackTeam "Jaque Pirenauto II"]
[WhiteTeamCountry "ESP"]
[BlackTeamCountry "ESP"]

1. e4 e5 2. Nf3 Nc6 3. Nc3 Nf6 4. d4 exd4 5. Nxd4 d6 6. Nxc6 bxc6 7. Bc4 Be7 8. 0-0 0-0 9. Re1 Be6 10. Bxe6 fxe6 11. f4 e5 12. fxe5 dxe5 13. Qxd8 Raxd8 14. Be3 a6 15. Rad1 Bb4 16. Bd2 Rd4 17. Nb1 Bc5 18. Kh1 Nxe4 19. Be3 Rxd1 20. Rxd1 Bxe3 21. Re1 Nf2+ 22. Kg1 Bb6 0-1